ბათუმის შოთა რუსთაველის სახელმწიფო უნივერსიტეტის ბიბლიოთეკა

მზე მოთმინების. (ბიბ.ჩანაწერი № 41809)

000 -LEADER
fixed length control field 00814nam a2200241Ia 4500
001 - CONTROL NUMBER
control field 8492
003 - CONTROL NUMBER IDENTIFIER
control field GE_BSU
008 - FIXED-LENGTH DATA ELEMENTS--GENERAL INFORMATION
fixed length control field 181216s||||||||xx |||||||||||||| ||und||
040 ## - CATALOGING SOURCE
Transcribing agency GE_BSU
080 ## - UNIVERSAL DECIMAL CLASSIFICATION NUMBER
Universal Decimal Classification number 821.353.1-193.3
100 ## - MAIN ENTRY--PERSONAL NAME
Personal name ზოიძე,ზურაბ
245 ## - TITLE STATEMENT
Title მზე მოთმინების.
245 ## - TITLE STATEMENT
Remainder of title ლექსები;სონეტები.
245 ## - TITLE STATEMENT
Statement of responsibility, etc. რედ:ტარიელ ქათამაძე;მხატვ:ლევან სამსონიძე.
260 ## - PUBLICATION, DISTRIBUTION, ETC.
Place of publication, distribution, etc. თბილისი.
260 ## - PUBLICATION, DISTRIBUTION, ETC.
Name of publisher, distributor, etc. გლობალ-პრინტი.
260 ## - PUBLICATION, DISTRIBUTION, ETC.
Date of publication, distribution, etc. 1998.
300 ## - PHYSICAL DESCRIPTION
Extent 64გვ;20სმ.
653 ## - INDEX TERM--UNCONTROLLED
Uncontrolled term ლექსები;სონეტები.
653 ## - INDEX TERM--UNCONTROLLED
Uncontrolled term მზე მოთმინების.
942 ## - ADDED ENTRY ELEMENTS (KOHA)
Koha item type წიგნი
ეგზემპლარები
Withdrawn status Lost status Damaged status Not for loan Date acquired Barcode Date last seen Price effective from Koha item type
        2018-12-17 30919 2018-12-17 2018-12-17 წიგნი
        2018-12-17 30920 2018-12-17 2018-12-17 წიგნი